Statistics for Do You Know Your Undertale?

Click here to take the quiz!

General Stats

  • This quiz has been taken 1,423 times
  • The average score is 11 of 15

Answer Stats

DescriptionAnswer% Correct
KingAsgore
99%
YouFrisk
99%
MomToriel
99%
First HumanChara
98%
Royal ScientistAlphys
75%
FishUndyne
75%
Game Show Gone WrongMettaton
72%
Human-HunterPapyrus
72%
PrinceAsriel
71%
Omega ______Flowey
71%
Hoi! I'm ______Temmie
69%
Laid BackSans
67%
LegsMettaton EX
61%
DogToby Fox
44%
Where You FallMt. Ebott
34%

Score Distribution

Percentile by Number Answered

Percent of People with Each Score

Your Score History

You have not taken this quiz